Vividhārtha. (Record no. 71305)

MARC details
000 -LEADER
fixed length control field 00733cam a22002531 4500
001 - CONTROL NUMBER
control field sa 66007647
003 - CONTROL NUMBER IDENTIFIER
control field DLC
005 - DATE AND TIME OF LATEST TRANSACTION
control field 20260227112306.0
008 - FIXED-LENGTH DATA ELEMENTS--GENERAL INFORMATION
fixed length control field 840613s1965 ii 000 0 hino
010 ## - LIBRARY OF CONGRESS CONTROL NUMBER
LC control number sa 66007647
025 ## - OVERSEAS ACQUISITION NUMBER
Overseas acquisition number PL480:I-H-2788
035 ## - SYSTEM CONTROL NUMBER
System control number (OCoLC)21725871
040 ## - CATALOGING SOURCE
Original cataloging agency DLC
Transcribing agency CU
Modifying agency DLC
042 ## - AUTHENTICATION CODE
Authentication code premarc
050 00 - LIBRARY OF CONGRESS CALL NUMBER
Classification number BL1210
Item number .D3
100 1# - MAIN ENTRY--PERSONAL NAME
Personal name Das, Bhagavan,
Dates associated with a name 1869-1958.
245 10 - TITLE STATEMENT
Title Vividhārtha.
Statement of responsibility, etc. Lekhaka Bhagavānadāsa.
250 ## - EDITION STATEMENT
Edition statement Saṃśodhita parishkr̥ta 2. saṃskaraṇa.
260 ## - PUBLICATION, DISTRIBUTION, ETC.
Place of publication, distribution, etc. Vārāṇasī,
Name of publisher, distributor, etc. Caukhambā Vidyābhavana,
Date of publication, distribution, etc. 1965.
300 ## - PHYSICAL DESCRIPTION
Extent 16, 432 p.
Dimensions 19 cm.
440 #0 - SERIES STATEMENT/ADDED ENTRY--TITLE
Title Vidyābhavana rāshṭrabhāshā granthamālā ;
Volume/sequential designation 90
500 ## - GENERAL NOTE
General note In Hindi.
650 #0 - SUBJECT ADDED ENTRY--TOPICAL TERM
Topical term or geographic name entry element Hinduism.

No items available.

Powered by Koha